Statistiques concernant Set 5: Tft

Cliquez ici pour prendre le quiz!

Statistiques générales

  • Ce quiz a été pris 18 fois
  • Le résultat moyen est 93 sur 154

Statistiques - réponses

HintRéponse% Correct
Chevalier | OubliéThresh
89%
Oublié | RôdeurVayne
89%
SynergieAssassin
78%
Abomination | Tisseur de sortsBrand
78%
Dieu Roi | Héraut de la nuitDarius
78%
Légionnaire | OubliéDraven
78%
Dieu Roi | Héraut de l'aubeGaren
78%
Bagarreur | Héraut de l'aubeGragas
78%
Draconique | Régénérateur | TuteurHeimerdinger
78%
Incantateur | Revenant | RégénérateurIvern
78%
Légionnaire | Repentant | VerdoyantKayle
78%
Mystique | RepentantLux
78%
Assemblée | Héraut de la nuit | MystiqueMorgana
78%
Abomination | BagarreurNunu
78%
Chevalier | VerdoyantTaric
78%
Assassin | Escarmoucheur | OubliéViego
78%
Bagarreur | RevenantVolibear
78%
Héraut de la nuit | LégionnaireYasuo
78%
Légionnaire | RepentantAatrox
67%
Héraut de la nuit | RôdeurAphelios
67%
Draconique | Rôdeur | VerdoyantAshe
67%
Assassin | Héraut de la nuit | Tueur de dragonDiana
67%
Cavalier | OubliéHecarim
67%
Cuirassé | EscarmoucheurJax
67%
Abomination | LégionnaireKalista
67%
Assassin | Héraut de l'aubeKhazix
67%
Eternel | Mystique | RôdeurKindred
67%
Cavalier | TrublionKled
67%
Assassin | AssembléeLeblanc
67%
Chevalier | RepentantLeona
67%
Assemblée | RégénérateurLissandra
67%
Mystique | TrublionLulu
67%
Légionnaire | Tueur de dragonMordekaiser
67%
Chevalier | CuirasséNautilus
67%
Escarmoucheur | Héraut de l'aubeNidalee
67%
Assassin | RevenantNocturne
67%
Chevalier | TrublionPoppy
67%
Cavalier | Cuirassé | RepentantRell
67%
Héraut de l'aube | LégionnaireRiven
67%
Bagarreur | DraconiqueSett
67%
Incantateur | RepentantSyndra
67%
Cruel | Incantateur | TrublionTeemo
67%
Draconique | EscarmoucheurUdyr
67%
Repentant | RôdeurVarus
67%
Repentant | Tisseur de sortsVelkoz
67%
Tisseur de sorts | TrublionZiggs
67%
Draconique | Tisseur de sortsZyra
67%
SynergieAbomination
56%
Assassin | OubliéKatarina
56%
Escarmoucheur | TrublionKennen
56%
Abomination | Mystique | OubliéRyze
56%
Cavalier | Héraut de la nuitSejuani
56%
Héraut de l'aube | RégénérateurSoraka
56%
Escarmoucheur | Tueur de dragonTrundle
56%
Héraut de l'aube | IncantateurKarma
44%
Escarmoucheur | Héraut de la nuitLee sin
44%
SynergieMystique
44%
SynergieTrublion
44%
Oublié | Tisseur de sortsViktor
44%
Héraut de la nuit | RégénérateurVladimir
44%
Bagarreur | OubliéWarwick
44%
SynergieAssemblée
33%
SynergieBagarreur
33%
SynergieCavalier
33%
SynergieChevalier
33%
SynergieDieu Roi
33%
SynergieDraconique
33%
SynergieEscarmoucheur
33%
SynergieOublié
33%
Escarmoucheur | Tueur de dragonPantheon
33%
SynergieRôdeur
33%
SynergieTueur de dragon
33%
SynergieHéraut de la nuit
22%
SynergieHéraut de l'aube
22%
SynergieIncantateur
22%
SynergieRevenant
22%
SynergieVerdoyant
22%
SynergieCruel
11%
SynergieCuirassé
11%
SynergieEternel
11%
SynergieLégionnaire
11%
SynergieRégénérateur
11%
SynergieRepentant
11%
SynergieTisseur de sorts
11%
SynergieTuteur
11%

Distribution des résultats

Percentile par nombre de réponses

% des personnes avec chaque résultat

Votre développement - résultats

Vous n’avez pas pris ce quiz